History Quiz

Random History or Nation Quiz

Countries of the German Empires Quiz Stats

Quiz Updated Jul 13, 2016

Challenge
Share
Tweet
Embed
Score 0/54 Timer 08:00
8 Plays Today
Years in Empires Modern Country % Correct
1870-1945France
96.3%
1618-1945Poland
94.9%
1938-1945Austria
94.8%
1618-1945Russia
92.9%
1943-1945Italy
92.8%
1618- presentGermany
90.9%
1866-1945Denmark
88.6%
1815-1944Belgium
87.3%
1940-1945Netherlands
86.7%
1742-1945Czechia
85.2%
1944-1945Hungary
84.7%
1940-1945Norway
83.6%
1938-1945Slovakia
82.1%
1707-1848Switzerland
82%
1941-1944Greece
81.2%
1914-1945Luxembourg
78.4%
1918-1944Latvia
78.1%
1618-1945Lithuania
77.6%
1918-1943Ukraine
77.4%
1918-1944Estonia
76.2%
1916-1918Romania
75.7%
1941-1945Slovenia
74.8%
1941-1944Serbia
73.8%
1941-1944Croatia
72.6%
1940-1944Belarus
68.7%
1943-1944Albania
62.4%
1941-1944Bosnia and Herzegovina
61.2%
Years in Empires Modern Country % Correct
1943-1944Montenegro
59.5%
1944Macedonia
59.2%
1897-1918China
55.7%
1941-1944Kosovo
55.4%
1884-1915Namibia
45.2%
1885-1914Tanzania
41.7%
1884-1916Cameroon
41.3%
1885-1890Kenya
39.8%
1884-1916Nigeria
39.4%
1700-1914Togo
38.2%
1911-1916Republic of the Congo
37.9%
1911-1916Chad
35.8%
1682-1914Ghana
33%
1890-1916Rwanda
32.8%
1911-1916Central African Republic
29.7%
1885-1916Mozambique
29.6%
1890-1916Burundi
26.6%
1890-1915Botswana
26.4%
1911-1916Gabon
24.5%
1685-1721Mauritania
22.7%
1884-1914Papua New Guinea
21%
1899-1914Samoa
16.7%
1885-1914Marshall Islands
16.1%
1899-1914Micronesia
15.3%
1884-1914Solomon Islands
15.3%
1899-1914Palau
14.8%
1887-1914Nauru
13.7%

You're not logged in!

Compare scores with friends on all Sporcle quizzes.
Join for Free
OR
Log In

You Might Also Like...

Show Comments

Extras

Top Quizzes Today


Score Distribution

Your Account Isn't Verified!

In order to create a playlist on Sporcle, you need to verify the email address you used during registration. Go to your Sporcle Settings to finish the process.

Report this User

Report this user for behavior that violates our Community Guidelines.

Details: